000 00201 a2200097 4500
001 17480
100 _aZbar P
245 _aBasic television
260 _a
_bTata McGraw-Hill
_c
090 _c12921
_d12921
942 _aNUST-CAE
_cM
_c3249
999 _c252553
_d252553